01130naa a2200181 i 45000010005000000030009000050050017000140080041000310400029000721000159001012450127002606550030003877000167004177110070005847730266006549420013009209990015009338987KOSZ 00520180314095525.0180314s2007 enka f |100 0 eng d cKOSZ 005/HRaKOSZ 005/HR1 aANIELAK, Anna Maria.d1996 - 2011.bPolitechnika Koszalińska - Wydział Budownictwa i Inżynierii Środowiska,cKatedra Technologii Wody i Ścieków10aRemoval of arsenic from underground waters on modified clinoptilolite /cAnna M. Anielak, Renata Świderska, A. Majewski. 0aMateriały konferencyjne.1 aŚWIDERSKA-DĄBROWSKA, Renata.d1996 - .bPolitechnika Koszalińska - Wydział Budownictwa i Inżynierii Środowiska,cKatedra Technologii Wody i Ścieków aKongres Inżynierii Środowiskan(2 ;d2005 ;cLublin, Polska).0 iW :tEnvironmental engineering : proceedings of the Second National Congress of Environmental Engineering, Lublin, Poland, 4-8 september 2005 / edit. by Lucjan Pawłowski, Marzenna Dudzińska, Artur Pawłowski. -dLondon : Taylor & Francis, 2007. -gs. 221-225 cROZ2UKD c8987d8987